书目信息 |
| 题名: |
蓝牙
|
|
| 作者: | 庄奕琪 编著 | |
| 分册: | ||
| 出版信息: | 北京 机械工业出版社 2002.04 |
|
| 页数: | 225页 | |
| 开本: | 26cm | |
| 丛书名: | ||
| 单 册: | ||
| 中图分类: | TN929.5 | |
| 科图分类: | ||
| 主题词: | 移动通信 | |
| 电子资源: | ||
| ISBN: | 7-111-09919-2 | |
| 000 | 00589nam0 2200205 45 | |
| 001 | 0254099753 | |
| 005 | 2002041115013957 | |
| 010 | @a7-111-09919-2@dRMB 20.00 | |
| 100 | @a20020411d2002 km y0chiy0120 ea | |
| 101 | 0 | @achi |
| 102 | @aCN@b110000 | |
| 200 | 1 | @a蓝牙@ALan Ya@e梦想与实现@f庄奕琪编著@FZhuang Yi Qi Bian Zhu |
| 210 | @a北京@c机械工业出版社@d2002.04 | |
| 215 | @a225页@d26cm | |
| 517 | @a梦想与实现@AMeng Xiang Yu Shi Xian | |
| 606 | 0 | @a移动通信 |
| 690 | @aTN929.5@v3 | |
| 701 | 0 | @a庄奕琪@AZhuang Yi Qi@4编著 |
| 801 | 0 | @aCN@bPFT@c20020411 |
| 905 | @a安徽大学@dTN929.5@eZ931 | |
| 蓝牙:梦想与实现/庄奕琪编著.-北京:机械工业出版社,2002.04 |
| 225页;26cm |
| ISBN 7-111-09919-2:RMB 20.00 |
| ● |
| 相关链接 |
|
|
|
正题名:蓝牙
索取号:TN929.5/Z931
 
预约/预借
| 序号 | 登录号 | 条形码 | 馆藏地/架位号 | 状态 | 备注 |
| 1 | 353868 | 203538680 | 自科库301/301自科库 99排4列3层/ [索取号:TN929.5/Z931] | 在馆 | |
| 2 | 353869 | 203538699 | 自科库301/301自科库 99排4列3层/ [索取号:TN929.5/Z931] | 在馆 |